| 000 | 02074cam a2200325Ki 4500 | ||
|---|---|---|---|
| 999 |
_c10378 _d10378 |
||
| 001 | 944463330 | ||
| 003 | OCoLC | ||
| 005 | 20241126110731.0 | ||
| 008 | 160314s2016 mnu b 001 0 eng d | ||
| 020 | _a1451496362 (pbk. : alk. paper) | ||
| 020 | _a9781451496369 (pbk. : alk. paper) | ||
| 035 | _a(OCoLC)944463330 | ||
| 040 |
_aYDXCP _beng _erda _cYDXCP _dWIO _dOCLCQ _dWIO _dBDX _dOCLCO _dOCLCF _dOCLCO _dLNT _dLTS |
||
| 050 | 4 |
_aBV598 _b.U53 2016 |
|
| 082 |
_a270 _bFER |
||
| 245 | 0 | 0 |
_aUnderstandings of the church / _cEverett Ferguson, volume editor. |
| 264 | 1 |
_aMinneapolis, MN : _bFortress Press, _c[2016] |
|
| 300 |
_axi, 179 pages ; _c22 cm. |
||
| 336 |
_atext _btxt _2rdacontent |
||
| 337 |
_aunmediated _bn _2rdamedia |
||
| 338 |
_avolume _2rdacarrier |
||
| 490 | 1 | _aAd fontes: early Christian sources. | |
| 500 | _aIncludes bibliographical references (pages 157-162) and indexes. | ||
| 505 | 0 | _aIntroduction -- 1 Clement -- 2 Clement -- Ignatius of Antioch -- Hermas, Shepherd -- Justin Martyr -- Irenaeus -- Letter of the churches of Vienne and Lyons -- Clement of Alexandria -- Tertullian -- Hippolytus -- Pseudo-Clement -- Origen -- Cyprian -- Firmilian -- Methodius -- Eusebius -- Athanasius -- Cyril of Jerusalem -- Basil the Great -- Gregory of Nyssa -- Ephrem the Syrian -- Ambrose -- The Niceno-Constantinopolitan Creed of 381 -- John Chrysostom -- Theodore of Mopsuestia -- Augustine. | |
| 520 | _aUnderstandings of the Church explores the ways imagery is used by biblical writers and early Christian teachers such as Cyprian, Ignatius of Antioch, Tertullian, Clement of Alexandria, and Origen to describe the concept of church. | ||
| 650 | 0 |
_aChurch _xHistory of doctrines _yEarly church, ca. 30-600 _0https://id.loc.gov/authorities/subjects/sh2008100650 _vSources. _0https://id.loc.gov/authorities/subjects/sh2002012007 _918030 |
|
| 700 | 1 |
_aFerguson, Everett, _d1933- _0https://id.loc.gov/authorities/names/n84074969 _eeditor. _9111 |
|
| 830 | 0 |
_aAd fontes (Minneapolis, Minn.) _0https://id.loc.gov/authorities/names/no2017018720 _918029 |
|
| 942 |
_2ddc _cBK |
||